| 000 | nam a22 a 4500 | ||
|---|---|---|---|
| 999 |
_c1147 _d1147 |
||
| 003 | AKMAL | ||
| 005 | 20170508143856.0 | ||
| 008 | 170508s1999 my 00 may d | ||
| 020 |
_a9830991741 (kkt.): _cRM14.00 |
||
| 040 | _aAKMAL | ||
| 082 | 0 | 4 | _a297.352 BIL |
| 090 | 0 | 0 |
_a297.352 _bBIL |
| 100 | 1 |
_aAl-Biladi, Atiq Bin Ghaits _92343 |
|
| 245 | 1 | 0 |
_aJejak rasul 1 : _brahsia Mekah / _c'Atiq bin Ghaits Al-Biladi |
| 260 |
_aKuala Lumpur : _bAl-Hidayah Publishers, _c1999 |
||
| 300 |
_axvi, 300ms. ; _c21cm |
||
| 500 | _aMengandungi ayat-ayat dari Quran | ||
| 504 | _aBibliografi: ms. 299-300 | ||
| 650 | 1 | 0 |
_aSacred space _zSaudi Arabia _zMecca _92344 |
| 650 | 2 | 0 |
_aShrines _zSaudi Arabia _zMecca _92345 |
| 650 | 2 | 0 |
_aIslamic shrines _zSaudi Arabia _zMecca _92346 |
| 650 | 2 | 0 |
_aIslam _xHistory _zSaudi Arabia _zMecca _92347 |
| 942 |
_2ddc _cBOOK |
||